| Tag |
First Indicator |
Second Indicator |
Subfields |
| LEADER |
00000cam a2200000 i 4500 |
| 001 |
in00004237021 |
| 005 |
20201021103336.0 |
| 006 |
m o d |
| 007 |
cr ||||||||||| |
| 008 |
200205t20202020enka ob 001 0 eng |
| 010 |
|
|
|a 2020004562
|
| 020 |
|
|
|a 9780367853716
|q electronic book
|
| 020 |
|
|
|a 036785371X
|q electronic book
|
| 020 |
|
|
|a 9781000054484
|q electronic book
|
| 020 |
|
|
|a 1000054489
|q electronic book
|
| 020 |
|
|
|a 9781000054460
|q electronic book
|
| 020 |
|
|
|a 1000054462
|q electronic book
|
| 020 |
|
|
|a 9781000054477
|q electronic book
|
| 020 |
|
|
|a 1000054470
|q electronic book
|
| 020 |
|
|
|z 9780367425869
|q hardcover
|
| 024 |
8 |
|
|a 40029984255
|
| 035 |
|
|
|a (DLC)ybp16617319
|
| 037 |
|
|
|a 9780367853716
|b Taylor & Francis
|
| 040 |
|
|
|a NhCcYBP
|c NhCcYBP
|d UtOrBLW
|
| 042 |
|
|
|a pcc
|
| 050 |
|
4 |
|a HV4493
|b .J46 2020
|
| 072 |
|
7 |
|a SOC
|x 045000
|2 bisacsh
|
| 072 |
|
7 |
|a SOC
|x 026030
|2 bisacsh
|
| 072 |
|
7 |
|a PSY
|x 031000
|2 bisacsh
|
| 072 |
|
7 |
|a 1F
|2 bicssc
|
| 082 |
0 |
0 |
|a 305.5/692
|2 23
|
| 100 |
1 |
|
|a Jena, S. P. K.,
|d 1960-
|e author.
|0 http://id.loc.gov/authorities/names/n2007185219
|
| 245 |
1 |
0 |
|a Homelessness :
|b research, practice and policy /
|c S.P.K. Jena.
|
| 264 |
|
1 |
|a Abingdon, Oxon ;
|a New York, NY :
|b Routledge,
|c 2020.
|
| 264 |
|
4 |
|c ©2020
|
| 300 |
|
|
|a 1 online resource.
|
| 336 |
|
|
|a text
|b txt
|2 rdacontent
|
| 337 |
|
|
|a computer
|b c
|2 rdamedia
|
| 338 |
|
|
|a online resource
|b cr
|2 rdacarrier
|
| 504 |
|
|
|a Includes bibliographical references and index.
|
| 545 |
0 |
|
|a S. P. K. Jena is Professor of Applied Psychology at the University of Delhi. He teaches applied behaviour analysis and clinical psychology. Prior to this, he was head of the Department of Psychology as well as the Director of the Institute of Behavioural Sciences, Gujarat Forensic Sciences University, Gandhinagar (2018-19).Some ofhis publications are Perspectives in Mental Retardation (2001), Behaviour Therapy: Techniques Research and Applications (2008), and Learning Disability: Theory to Practice (2013), which has also been translated into Hindi. He has also served as Editor of the Indian Journal of Clinical Psychology.
|
| 588 |
|
|
|a Description based on online resource; title from digital title page (viewed on July 01, 2020).
|
| 500 |
|
|
|a Electronic resource.
|
| 650 |
|
0 |
|a Homeless persons.
|0 http://id.loc.gov/authorities/subjects/sh85061718
|
| 655 |
|
7 |
|a Electronic books.
|2 local
|
| 710 |
2 |
|
|a Taylor & Francis.
|0 http://id.loc.gov/authorities/names/n84073022
|
| 776 |
1 |
8 |
|i Print version:
|a Jena, S. P. K., 1960-
|t Homelessness
|d Abingdon, Oxon ; New York, NY : Routledge, 2020.
|z 9780367425869
|w (DLC) 2020004561
|
| 856 |
4 |
0 |
|u http://proxy.library.tamu.edu/login?url=https://www.taylorfrancis.com/books/9780367853716
|z Connect to the full text of this electronic book
|t 0
|
| 955 |
|
|
|a YBP purchased approval e-records
|
| 980 |
|
|
|b 175.00
|g 1
|
| 999 |
f |
f |
|s bdbec99a-fb1d-31a2-b9cd-cae80a6a3812
|i f34939b4-6b07-3a98-86b7-e5a1296eccd0
|t 0
|
| 952 |
f |
f |
|a Texas A&M University
|b College Station
|c Electronic Resources
|d Available Online
|t 0
|e HV4493 .J46 2020
|h Library of Congress classification
|
| 998 |
f |
f |
|a HV4493 .J46 2020
|t 0
|l Available Online
|